Представление документа в формате MARC21

Поле Инд. ПП Название Значение
Тип записи a
Библиографический уровень b
001 Контрольный номер DU/566672260
005 Дата корректировки 20200610181707.8
008 Кодируемые данные 20171215
040 b Код языка каталог. rus
e Правила каталог. PSBO
041 0_ a Код языка текста rus
084 a Индекс другой классификации/Индекс ББК 24.71
100 1_ a Автор Фадейкина И. Н.
q Полное имя Фадейкина Ирина Николаевна
100 1_ a Автор Ламакина О. С.
q Полное имя Ламакина Ольга Сергеевна
245 10 a Заглавие Химический синтез полианилвинила в различных неорганических кислотах
504 a Библиография Библиогр.: 10 назв.
650 a Основная рубрика химия
a Основная рубрика химия полимеров
653 a Ключевые слова допант
a Ключевые слова мономеры
a Ключевые слова окислительная полимеризация
a Ключевые слова полианилин
a Ключевые слова полимеризация
a Ключевые слова проводящие полимеры
773 08 t Заглавие источника Вестник Международного университета природы, общества и человека "Дубна" : Серия "Естественные и инженерные науки"
d Дата издания источника 2016
g Прочая информация № 2 (34). - С. 52 - 57
w Контрольный № источника DU/540323393
901 t Тип документа b